Kwaidan stories and studies of strange things (Registro nro. 180836)

Detalles MARC
000 -ENCABEZADO
Número de control [NR] 00757nam a22002177a 4500
005 - FECHA Y HORA DE LA ÚLTIMA TRANSACCIÓN
control field 20140903174927.0
008 - DE LONGITUD FIJA DE DATOS DE ELEMENTOS - INFORMACIÓN GENERAL
Elementos de longitud fija [NR] 131002s2004 xxu frn 001 0 eng
020 ## - NUMERO INTERNACIONAL NORMALIZADO PARA LIBROS [R]
Número Internacional Normalizado del libro [NR] 1596050152
040 ## - FUENTE DE CATALOGACION [NR]
Agencia de catalogación original [NR] CO-BoUCM
Quien Cataloga
Quien Clasifica Aldemar Mondragón
Idioma de catalogación [NR] spa
041 00 - CODIGO DE IDIOMA [R]
Código de idioma para texto/pista de sonido o título separado [R] Inglés
100 1# - ASIENTO PRINCIPAL--NOMBRE PERSONAL [NR]
Nombre personal [NR] Hearn, Lafcadio
Fechas asociadas con el nombre [NR] 1850-1904
ID Autoridad 47029
245 10 - MENCION DE TITULO [NR]
Título [NR] Kwaidan stories and studies of strange things
Mención de responsabilidad, etc. [NR] Lafcadio Hearn
260 ## - PUBLICACION, DISTRIBUCION, ETC. (PIE DE IMPRENTA) [R]
Lugar de publicación, distribución, etc. [R] New York
Nombre del editor, distribuidor, etc. [R] Cosimo Classics
Fecha de publicación, distribución, etc. [R] 2004
300 ## - DESCRIPCION FISICA [R]
Extensión [R] iii, 240 páginas
650 #4 - ASIENTO SECUNDARIO DE MATERIA - TERMINO TEMATICO [R]
Término temático o nombre geográfico como elemento de entrada [NR] Novela paranormal
9 (RLIN) 47031
650 #7 - ASIENTO SECUNDARIO DE MATERIA - TERMINO TEMATICO [R]
Término temático o nombre geográfico como elemento de entrada [NR] Cuentos de fantasmas
9 (RLIN) 12266
651 #4 - ASIENTO SECUNDARIO DE MATERIA - NOMBRE GEOGRAFICO [R]
Nombre geográfico [NR] Japon
Subdivisión general [R] Vida social y costumbres
Subdivisión de forma [R] Novela
9 (RLIN) 47032
690 ## - ASUNTO AGREGADO LOCAL DE ENTRADA - TÉRMINO TEMÁTICO (OCLC, RLIN)
9 (RLIN) 42862
Acceso temático local Literatura asiática
942 ## - ELEMENTOS DE ENTRADA AGREGADOS (KOHA)
Tema principal Literatura
Tipo de ítem principal el descrito en 300a Libro
Edición 1
Parte restante de la signatura top. H436k
Sistema de clasificación DEWEY
Clasificación 895.642
Existencias
Signatura topográfica Código de barras Última vez visto Ejemplar Costo de reposición Price effective from Tipo de ítem Perdido Sistema de clasificación Dañado No prestable Tipo de ítem específico Suprimido Ubicación habitual Ubicación actual Localización Fecha de creación Proveedor Forma de adquisición Costo Fecha de último préstamo Total préstamos
895.642 H436k 100136951 09/12/2025 Ej.1 19450.00 24/09/2013 Libro   DEWEY     Libro   Claustro Claustro 2do piso 24/09/2013 15 Compra 19450.00    
895.642 H436k 100137054 09/12/2025 Ej.2 19481.00 30/09/2013 Libro   DEWEY     Libro   Claustro Claustro 2do piso 30/09/2013 15 Compra 19500.00 02/03/2018 1